Normal view
MARC view
- الجعفري،محمود مؤلف/العارضة،ناصر م.مشارك/عبد الرازق،شيرين مترجم/عبدالله،لينا منسق
Entry Personal Name
001 - CONTROL NUMBER
- control field: 20768
003 - CONTROL NUMBER IDENTIFIER
- control field: JO-AjAnu
005 - DATE AND TIME OF LATEST TRANSACTION
- control field: 20230606073616.0
008 - FIXED-LENGTH DATA ELEMENTS
- fixed length control field: 230606|| aca||aabn | a|a d
040 ## - CATALOGING SOURCE
- Original cataloging agency: JO-AjAnu
- Transcribing agency: JO-AjAnu
100 ## - HEADING--PERSONAL NAME
- Personal name: الجعفري،محمود مؤلف/العارضة،ناصر م.مشارك/عبد الرازق،شيرين مترجم/عبدالله،لينا منسق
670 ## - SOURCE DATA FOUND
- Source citation: Work cat.: (JO-AjAnu)10668: الجعفري،محمود مؤلف/العارضة،ناصر م.مشارك/عبد الرازق،شيرين مترجم/عبدالله،لينا منسق, author, تمويل التعليم الجامعي الفلسطيني وسبل تعزيزه